Delirios o el gesto de responder
Enregistré dans:
| Auteur principal: | |
|---|---|
| Format: | Livre |
| Langue: | espagnol |
| Publié: |
Valparaíso
Gobierno Regional de Valparaíso
2001
|
| Collection: | Colección Poesía
|
| Sujets: | |
| Tags: |
Ajouter un tag
Pas de tags, Soyez le premier à ajouter un tag!
|
MARC
| LEADER | 00000nam a2200000 a 4500 | ||
|---|---|---|---|
| 001 | UCM5976 | ||
| 003 | CL-VaPUC | ||
| 008 | 021025e20010000CL |||||||||||||||||spa|d | ||
| 020 | |a 9567944210 | ||
| 082 | 0 | 4 | |a Ch861 |b RIV |2 21 |
| 100 | 0 | |a Rivera, Ximena |e author |9 471942 | |
| 245 | 1 | 0 | |a Delirios o el gesto de responder |
| 300 | |a 55 p | ||
| 942 | |c BK | ||
| 945 | |d 20021025 00:00:00 |a vberengu | ||
| 260 | |a Valparaíso |b Gobierno Regional de Valparaíso |c 2001 | ||
| 650 | 0 | |a Poesías chilenas |9 265280 | |
| 650 | 0 | |a Literatura chilena |9 308278 | |
| 583 | |a last modification |c 20021025 00:00:00 |k Rodrigo Vera | ||
| 490 | 0 | |a Colección Poesía | |
| 999 | |c 301644 |d 301642 | ||
| 952 | |0 0 |1 0 |4 0 |6 CH_861_000000000000000_RIV_2001 |7 0 |8 A |9 360864 |a BIBEDU |b BIBEDU |d 2019-11-21 |i 3854612 |o Ch861 RIV 2001 |p 3854612 |r 2019-11-21 |w 2019-11-21 |y BK |k BME | ||
| 952 | |0 0 |1 0 |4 0 |6 CH_861_000000000000000_RIV_2001 |7 0 |8 A |9 360865 |a BIBEDU |b BIBEDU |d 2019-11-21 |i 3854450 |o Ch861 RIV 2001 |p 3854450 |r 2019-11-21 |w 2019-11-21 |y BK |k LIT | ||
| 952 | |0 0 |1 0 |4 0 |6 CH_861_000000000000000_RIV_2001 |7 0 |8 A |9 360866 |a BIBEDU |b BIBEDU |d 2019-11-21 |i 3854469 |l 1 |o Ch861 RIV 2001 |p 3854469 |r 2024-05-07 |s 2024-04-30 |w 2019-11-21 |y BK |k LIT | ||
| 952 | |0 0 |1 0 |4 0 |6 CH_861_000000000000000_RIV_2001 |7 0 |8 A |9 360867 |a BIBART |b BIBART |d 2019-11-21 |i 3968197 |o Ch861 RIV 2001 |p 3968197 |r 2025-03-13 |w 2019-11-21 |y BK |k ART | ||